000 00393nam a22001577a 4500
003 MPLRDC
005 20220104114505.0
008 210129b ||||| |||| 00| 0 eng d
082 _a857.4551 BQT-4 v.1
100 _a不详
245 _a包公奇案之血溅新婚床
_c
260 _a
_b新越企业
_c
300 _b
650 _a历史小说--包青天
942 _cBK
_o857.4551 BQT-4 v.1
999 _c7878
_d7868